000 09161nam0a22005531 4500
001 RU\NLR\BIBL_A\012018374
005 20260408065830.0
035 _a(NLR Aleph) 012018374
090 _a11486911
_c11486911
100 _a20190521j1817 |||y0rusy50 ca
101 0 _arus
102 _aRU
105 _ay n 000yy
200 1 _aУказ его императорскаго величества самодержца всероссийскаго,
_e[Об открытии Комиссии для окончания нерешенных дел и уничтоженных Провиантских комиссий, и комиссионерств]
_fиз Правительствующаго Сената
210 _a[Б.м.
_dмарт 1817]
215 _a[2] с.
_d
300 _aСенат. указ от 20 марта 1817 г.
300 _aНазв. дано по ПСЗ
300 _aНапеч. на одной стороне листа
300 _aТекст начинается словами: По указу его императорскаго величества Правительствующий Сенат слушали рапорт военнаго министра г. генерал-лейтенанта и кавалера Петра Петровича Коновницына: Что высочайше утвержденным в 23й день марта 1816 года положением о Провиантском управлении в 31 и 32 §§ повелено: составить в Санктпетербурге под председательством одного генерала особую Коммисию для окончания нерешенных дел ...
300 _aВ ПСЗ текст начинается словами: Правительствующий Сенат слушали рапорт военнаго министра, г. генерал-лейтенанта и кавалера Петра Петровича Коновницына: Что высочайше утвержденным в 23 день марта 1816 года положением о Провиантском управлении в 31 и 32 §§ повелено: составить в Санктпетербурге под председательством одного генерала особую Комиссию для окончания нерешенных дел...
300 _aВ конце текста дата рассылки: Марта дня 1817 года.
300 _aВ левом нижнем углу: По 1му Департаменту. Чтобы требования Коммисии для окончания нерешенных дел уничтоженных Провиантских комиссий и комиссионерств по делам службы исполняемы были не медленно
316 _aЭкз. РНБ (135/310-1817-31) является частью владельческого конволюта. Припл. к: Указ его императорскаго величества самодержца всероссийскаго,: [О дозволении принимать в военно-сиротские отделения детей, не принадлежащих военному ведомству] / из Правительствующаго Сената. - [Б.м., янв. 1817]. Вверху с. рукоп. надпись: "№ 29. Получено 28 марта. Указ принят к сведению о получении Сенату отрапортовано". После загл. перед текстом рукоп. запись: "Правлению Государственнаго ассигнационнаго банка". Слева от текста рукоп. запись: "№ 7202". Внизу с. рукоп. запись: "В жур. 2 апреля". В конце текста от руки вписана дата: 20. После текста рукоп. подписи: Обер-секретарь "Илья Федоров"; В должности секретаря титулярный советник "Теубель"; Повытчик "..." (неразборчиво).
_5NLR: 135/310-1817-31
321 1 _aПСЗ. Т.34. 26745.
482 0 _1RU\NLR\BIBL_A\012009541
_12001#$aУказ его императорскаго величества самодержца всероссийскаго,$e[О дозволении принимать в военно-сиротские отделения детей, не принадлежащих военному ведомству]$fиз Правительствующаго Сената
_1210##$a[Б.м.$dянв. 1817]
_tУказ его императорскаго величества самодержца всероссийскаго,
517 1 _aОб открытии Комиссии для окончания нерешенных дел и уничтоженных Провиантских комиссий, и комиссионерств
517 1 _aЧтобы требования Коммисии для окончания нерешенных дел уничтоженных Провиантских коммисий и коммисионерств по делам службы исполняемы были не медленно
517 1 _aПо указу его императорскаго величества Правительствующий Сенат слушали рапорт военнаго министра г. генерал-лейтенанта и кавалера Петра Петровича Коновницына: Что высочайше утвержденным в 23й день марта 1816 года положением о Провиантском управлении в 31 и 32 §§ повелено: составить в Санктпетербурге под председательством одного генерала особую Коммисию для окончания нерешенных дел ...
517 1 _aПравительствующий Сенат слушали рапорт военнаго министра, г. генерал-лейтенанта и кавалера Петра Петровича Коновницына: Что высочайше утвержденным в 23 день марта 1816 года положением о Провиантском управлении в 31 и 32 §§ повелено: составить в Санктпетербурге под председательством одного генерала особую Комиссию для окончания нерешенных дел...
518 1 _aУказ его императорского величества самодержца всероссийского,
518 1 _aЧтобы требования Комиссии для окончания нерешенных дел уничтоженных Провиантских комиссий и комиссионерств по делам службы исполняемы были немедленно
518 1 _aПо указу его императорского величества Правительствующий Сенат слушали рапорт военного министра г. генерал-лейтенанта и кавалера Петра Петровича Коновницына: Что высочайше утвержденным в 23й день марта 1816 года положением о Провиантском управлении в 31 и 32 §§ повелено: составить в Санктпетербурге под председательством одного генерала особую Комиссию для окончания нерешенных дел...
606 1 _aЗаконодательство
_yРоссия
_z1801 - 1825
_92280395
_3RU\NLR\AUTH\6601594564
686 _aХ2(2)47-3
702 1 _4720
_aФёдоров
_bИ. Ф.
_cчиновник
_fок. 1759-1848
_gИлья Фёдорович
_9200834
_3RU\NLR\AUTH\770200885
702 0 _4720
_8rus
_7ca
_aАлександр
_cимператор российский
_dI
_f1777-1825
_3RU\NLR\AUTH\775342
_9115306
702 1 _4720
_7ca
_8rus
_aТеубель
_bЕ. Б.
_gЕгор Богданович
_9201732
_3RU\NLR\AUTH\770201783
710 0 1 _aРоссия
_bИмператор
_c1801-1825; Александр I
_3RU\NLR\AUTH\8810042745
_9584940
711 0 1 _aРоссия
_bСенат
_3RU\NLR\AUTH\889948534
_9392688
711 0 1 _aРоссия
_bВоенное министерство
_bКомиссия для окончания нерешенных дел уничтоженных Провиантских комиссий и комиссионерств
_9664179
_3RU\NLR\AUTH\880502221
712 0 1 _4660
_aРоссия
_bГосударственный ассигнационный банк
_3RU\NLR\AUTH\889926405
_9348567
852 _aNLR
_j135/310-1817-31
942 _cBOOK
980 _aNB
980 _aA1UKAZ